[Event "DEM U18w 2025"]
[Site "Willingen GER"]
[Date "2025.06.08"]
[Round "1"]
[White "Wilmink, Anna"]
[Black "Fetahovic, Sarah"]
[Result "1/2-1/2"]
[Termination "normal"]
[Board "6"]
[WhiteTitle "WCM"]
[WhiteElo "1995"]
[BlackElo "1883"]
[WhiteClock "00:29:54"]
[BlackClock "00:30:26"]
[PlyCount "82"]
[WhiteFideId "16273680"]
[BlackFideId "34601546"]
[EventCountry "GER"]
[EventRounds "9"]
[EventType "swiss"]
[EventDate "2025.06.07"]

1. e4 {[%clk 01:30:58]} {[%emt 00:00:02]} e5 {[%clk 01:30:53]} {[%emt
00:00:08]} 2. d4 {[%clk 01:31:24]} {[%emt 00:00:03]} exd4 {[%clk 01:31:15]}
{[%emt 00:00:08]} 3. Qxd4 {[%clk 01:31:49]} {[%emt 00:00:06]} Nc6 {[%clk
01:31:34]} {[%emt 00:00:10]} 4. Qd3 {[%clk 01:32:08]} {[%emt 00:00:11]} Nf6
{[%clk 01:29:44]} {[%emt 00:02:19]} 5. Nc3 {[%clk 01:32:32]} {[%emt 00:00:07]}
d6 {[%clk 01:26:31]} {[%emt 00:03:42]} 6. Nge2 {[%clk 01:18:05]} {[%emt
00:14:58]} Be7 {[%clk 01:15:09]} {[%emt 00:11:51]} 7. Nf4 {[%clk 01:11:11]}
{[%emt 00:07:24]} Bd7 {[%clk 01:04:05]} {[%emt 00:11:34]} 8. f3 {[%clk
01:03:53]} {[%emt 00:07:49]} Ne5 {[%clk 00:39:17]} {[%emt 00:25:17]} 9. Qe2
{[%clk 00:56:31]} {[%emt 00:07:52]} g5 {[%clk 00:25:51]} {[%emt 00:13:57]} 10.
Nfd5 {[%clk 00:30:58]} {[%emt 00:26:03]} Nxd5 {[%clk 00:19:12]} {[%emt
00:07:09]} 11. Nxd5 {[%clk 00:29:32]} {[%emt 00:01:56]} Be6 {[%clk 00:11:34]}
{[%emt 00:08:07]} 12. Bd2 {[%clk 00:23:41]} {[%emt 00:06:21]} Rg8 {[%clk
00:07:16]} {[%emt 00:04:48]} 13. O-O-O {[%clk 00:21:11]} {[%emt 00:03:00]} Qd7
{[%clk 00:05:59]} {[%emt 00:01:47]} 14. Qe3 {[%clk 00:18:07]} {[%emt 00:03:34]}
c6 {[%clk 00:00:59]} {[%emt 00:05:31]} 15. Nxe7 {[%clk 00:15:44]} {[%emt
00:02:53]} Qxe7 {[%clk 00:01:27]} {[%emt 00:00:02]} 16. Bb4 {[%clk 00:14:31]}
{[%emt 00:01:42]} c5 {[%clk 00:00:50]} {[%emt 00:01:07]} 17. Bc3 {[%clk
00:13:08]} {[%emt 00:01:53]} O-O-O {[%clk 00:00:52]} {[%emt 00:00:28]} 18. Ba5
{[%clk 00:09:31]} {[%emt 00:04:07]} b6 {[%clk 00:00:40]} {[%emt 00:00:42]} 19.
Ba6+ {[%clk 00:08:36]} {[%emt 00:01:25]} Kb8 {[%emt 00:00:43]} 20. Bc3 {[%clk
00:07:13]} {[%emt 00:01:41]} Bc8 {[%clk 00:00:33]} {[%emt 00:00:36]} 21. Be2
{[%clk 00:06:43]} {[%emt 00:01:01]} Bb7 {[%clk 00:00:41]} {[%emt 00:00:22]} 22.
Rhe1 {[%clk 00:06:18]} {[%emt 00:00:55]} Qe6 {[%clk 00:00:42]} {[%emt
00:00:29]} 23. Kb1 {[%clk 00:05:40]} {[%emt 00:01:08]} h6 {[%clk 00:01:06]}
{[%emt 00:00:05]} 24. Qf2 {[%clk 00:04:23]} {[%emt 00:01:47]} Kc7 {[%clk
00:00:43]} {[%emt 00:00:54]} 25. g3 {[%clk 00:03:34]} {[%emt 00:01:18]} Rde8
{[%clk 00:00:34]} {[%emt 00:00:39]} 26. Bf1 {[%clk 00:02:56]} {[%emt 00:01:09]}
a6 {[%clk 00:00:40]} {[%emt 00:00:24]} 27. h3 {[%clk 00:02:48]} {[%emt
00:00:38]} b5 {[%clk 00:00:55]} {[%emt 00:00:15]} 28. f4 {[%clk 00:01:35]}
{[%emt 00:01:43]} gxf4 {[%clk 00:00:56]} {[%emt 00:00:29]} 29. gxf4 {[%clk
00:01:56]} {[%emt 00:00:09]} Nc4 {[%clk 00:00:45]} {[%emt 00:00:40]} 30. e5
{[%clk 00:01:46]} {[%emt 00:00:41]} dxe5 {[%clk 00:00:33]} {[%emt 00:00:42]}
31. Qxc5+ {[%clk 00:00:52]} {[%emt 00:01:24]} Kb8 {[%emt 00:00:23]} 32. Bxe5+
{[%clk 00:00:47]} {[%emt 00:00:32]} Nxe5 {[%clk 00:00:54]} {[%emt 00:00:18]}
33. Rxe5 {[%clk 00:00:55]} {[%emt 00:00:22]} Qf6 {[%clk 00:00:55]} {[%emt
00:00:30]} 34. Rd7 {[%clk 00:00:44]} {[%emt 00:00:40]} Qc6 {[%clk 00:00:34]}
{[%emt 00:00:51]} 35. Qxc6 {[%clk 00:00:37]} {[%emt 00:00:38]} Bxc6 {[%clk
00:00:58]} {[%emt 00:00:06]} 36. Rd1 {[%clk 00:00:36]} {[%emt 00:00:31]} Rxe5
{[%clk 00:00:50]} {[%emt 00:00:37]} 37. fxe5 {[%clk 00:00:56]} {[%emt
00:00:10]} Rg5 {[%clk 00:00:59]} {[%emt 00:00:21]} 38. Re1 {[%clk 00:00:51]}
{[%emt 00:00:36]} Rg1 {[%clk 00:00:51]} {[%emt 00:00:37]} 39. Rc1 {[%clk
00:01:17]} {[%emt 00:00:05]} Rg5 {[%clk 00:00:50]} {[%emt 00:00:30]} 40. Re1
{[%clk 00:01:31]} {[%emt 00:00:17]} Rg1 {[%clk 00:01:09]} {[%emt 00:00:10]} 41.
Rc1 {[%clk 00:29:54]} {[%emt 00:02:07]} Rg5 {[%clk 00:30:26]} {[%emt 00:01:13]}
1/2-1/2

[Event "DEM U18w 2025"]
[Site "Willingen GER"]
[Date "2025.06.08"]
[Round "1"]
[White "Bursan, Ana-Maria"]
[Black "Margaryan, Sofia"]
[Result "1-0"]
[Termination "normal"]
[Board "8"]
[WhiteElo "1894"]
[BlackElo "1564"]
[WhiteClock "00:25:03"]
[BlackClock "00:01:28"]
[PlyCount "41"]
[WhiteFideId "34620150"]
[BlackFideId "16268229"]
[EventCountry "GER"]
[EventRounds "9"]
[EventType "swiss"]
[EventDate "2025.06.07"]

1. e4 {[%clk 01:30:57]} {[%emt 00:00:03]} c6 {[%clk 01:30:56]} {[%emt
00:00:05]} 2. d4 {[%clk 01:31:21]} {[%emt 00:00:05]} d5 {[%clk 01:31:22]}
{[%emt 00:00:04]} 3. f3 {[%clk 01:31:44]} {[%emt 00:00:07]} Nf6 {[%clk
01:31:45]} {[%emt 00:00:08]} 4. e5 {[%clk 01:31:12]} {[%emt 00:01:02]} Nfd7
{[%clk 01:32:04]} {[%emt 00:00:10]} 5. c3 {[%clk 01:30:07]} {[%emt 00:01:35]}
e6 {[%clk 01:32:01]} {[%emt 00:00:34]} 6. f4 {[%clk 01:27:56]} {[%emt
00:02:41]} Qb6 {[%clk 01:28:21]} {[%emt 00:04:10]} 7. Nf3 {[%clk 01:24:46]}
{[%emt 00:03:39]} c5 {[%clk 01:27:31]} {[%emt 00:01:21]} 8. Be2 {[%clk
01:17:36]} {[%emt 00:07:39]} Nc6 {[%clk 01:26:16]} {[%emt 00:01:46]} 9. Na3
{[%clk 01:10:51]} {[%emt 00:07:15]} a6 {[%clk 01:19:40]} {[%emt 00:07:06]} 10.
O-O {[%clk 01:08:08]} {[%emt 00:03:11]} Be7 {[%clk 01:18:56]} {[%emt 00:01:16]}
11. Kh1 {[%clk 01:02:46]} {[%emt 00:05:51]} O-O {[%clk 01:16:09]} {[%emt
00:03:17]} 12. Bd3 {[%clk 01:00:09]} {[%emt 00:03:06]} c4 {[%clk 01:09:31]}
{[%emt 00:07:09]} 13. Bb1 {[%clk 00:54:45]} {[%emt 00:05:54]} f6 {[%clk
00:45:17]} {[%emt 00:24:45]} 14. Qe1 {[%clk 00:39:02]} {[%emt 00:16:12]} fxe5
{[%clk 00:40:48]} {[%emt 00:04:59]} 15. fxe5 {[%clk 00:38:13]} {[%emt
00:01:18]} h6 {[%clk 00:38:22]} {[%emt 00:02:57]} 16. Qg3 {[%clk 00:36:29]}
{[%emt 00:02:13]} Bg5 {[%clk 00:13:13]} {[%emt 00:25:40]} 17. Bxg5 {[%clk
00:35:01]} {[%emt 00:01:58]} hxg5 {[%clk 00:13:38]} {[%emt 00:00:06]} 18. Qh3
{[%clk 00:31:39]} {[%emt 00:03:50]} Rf4 {[%clk 00:04:49]} {[%emt 00:09:20]} 19.
Qxe6+ {[%clk 00:29:18]} {[%emt 00:02:50]} Kf8 {[%clk 00:02:06]} {[%emt
00:03:14]} 20. Bg6 {[%clk 00:25:26]} {[%emt 00:04:21]} Ne7 {[%clk 00:01:28]}
{[%emt 00:01:09]} 21. Nxg5 {[%clk 00:25:03]} {[%emt 00:00:53]} 1-0

[Event "DEM U18w 2025"]
[Site "Willingen GER"]
[Date "2025.06.08"]
[Round "1"]
[White "Stepanjan, Marianne"]
[Black "Malmström, Eva"]
[Result "0-1"]
[Termination "normal"]
[Board "9"]
[WhiteElo "1712"]
[BlackElo "1929"]
[WhiteClock "00:30:30"]
[BlackClock "00:02:28"]
[PlyCount "69"]
[WhiteFideId "16246110"]
[BlackFideId "34607072"]
[EventCountry "GER"]
[EventRounds "9"]
[EventType "swiss"]
[EventDate "2025.06.07"]

1. e4 {[%clk 01:30:59]} {[%emt 14:09:38]} e5 {[%clk 01:30:52]} {[%emt
00:00:08]} 2. Nf3 {[%clk 01:31:26]} {[%emt 00:00:04]} Nc6 {[%clk 01:31:13]}
{[%emt 00:00:08]} 3. Bb5 {[%clk 01:31:53]} {[%emt 00:00:04]} a6 {[%clk
01:31:30]} {[%emt 00:00:13]} 4. Ba4 {[%clk 01:32:19]} {[%emt 00:00:04]} Nf6
{[%clk 01:31:47]} {[%emt 00:00:12]} 5. O-O {[%clk 01:32:00]} {[%emt 00:00:51]}
d6 {[%clk 01:31:47]} {[%emt 00:00:29]} 6. Re1 {[%clk 01:29:07]} {[%emt
00:03:23]} b5 {[%clk 01:30:49]} {[%emt 00:01:27]} 7. Bb3 {[%clk 01:29:32]}
{[%emt 00:00:06]} Na5 {[%emt 00:00:42]} 8. d4 {[%clk 01:26:13]} {[%emt
00:03:22]} Nxb3 {[%clk 01:29:09]} {[%emt 00:02:25]} 9. axb3 {[%clk 01:26:34]}
{[%emt 00:00:08]} exd4 {[%clk 01:29:23]} {[%emt 00:00:16]} 10. Nxd4 {[%clk
01:25:58]} {[%emt 00:01:07]} Bd7 {[%clk 01:21:55]} {[%emt 00:07:57]} 11. e5
{[%clk 01:18:18]} {[%emt 00:08:11]} dxe5 {[%clk 01:21:27]} {[%emt 00:00:58]}
12. Rxe5+ {[%clk 01:18:23]} {[%emt 00:00:24]} Be7 {[%clk 01:21:48]} {[%emt
00:00:08]} 13. Qe1 {[%clk 01:06:09]} {[%emt 00:12:45]} Kf8 {[%clk 01:16:56]}
{[%emt 00:05:22]} 14. Bg5 {[%clk 00:58:23]} {[%emt 00:08:18]} h6 {[%clk
00:57:16]} {[%emt 00:20:09]} 15. Bh4 {[%clk 00:48:50]} {[%emt 00:10:03]} Bd6
{[%clk 00:51:59]} {[%emt 00:05:47]} 16. Re2 {[%clk 00:38:02]} {[%emt 00:11:18]}
c5 {[%clk 00:42:40]} {[%emt 00:09:49]} 17. Nf3 {[%clk 00:34:59]} {[%emt
00:03:33]} g5 {[%clk 00:34:20]} {[%emt 00:08:49]} 18. Bg3 {[%clk 00:33:29]}
{[%emt 00:02:00]} Bxg3 {[%clk 00:32:47]} {[%emt 00:02:03]} 19. hxg3 {[%clk
00:33:46]} {[%emt 00:00:13]} Kg7 {[%clk 00:29:45]} {[%emt 00:03:30]} 20. Nc3
{[%clk 00:27:04]} {[%emt 00:07:14]} Qb6 {[%clk 00:26:14]} {[%emt 00:04:01]} 21.
Ne5 {[%clk 00:25:02]} {[%emt 00:02:33]} Bf5 {[%clk 00:24:10]} {[%emt 00:02:30]}
22. Rd1 {[%clk 00:20:09]} {[%emt 00:05:26]} Rad8 {[%clk 00:22:44]} {[%emt
00:01:56]} 23. Nf3 {[%clk 00:08:29]} {[%emt 00:12:11]} Rhe8 {[%clk 00:20:29]}
{[%emt 00:02:44]} 24. Rxd8 {[%clk 00:06:43]} {[%emt 00:02:16]} Qxd8 {[%clk
00:16:23]} {[%emt 00:04:36]} 25. Ne5 {[%clk 00:05:41]} {[%emt 00:01:32]} Qd4
{[%clk 00:14:08]} {[%emt 00:02:43]} 26. Nc6 {[%clk 00:05:07]} {[%emt 00:01:01]}
Rxe2 {[%clk 00:13:17]} {[%emt 00:01:26]} 27. Qxe2 {[%clk 00:05:35]} {[%emt
00:00:02]} Qd6 {[%clk 00:13:19]} {[%emt 00:00:22]} 28. Ne5 {[%clk 00:05:11]}
{[%emt 00:01:01]} Bxc2 {[%clk 00:04:13]} {[%emt 00:09:36]} 29. Nxf7 {[%clk
00:04:35]} {[%emt 00:01:05]} Qd3 {[%clk 00:03:46]} {[%emt 00:00:57]} 30. Qe7
{[%clk 00:03:42]} {[%emt 00:01:22]} Qd7 {[%clk 00:04:12]} {[%emt 00:00:04]} 31.
Qe2 {[%clk 00:01:40]} {[%emt 00:02:33]} Bxb3 {[%clk 00:04:19]} {[%emt
00:00:23]} 32. Ne5 {[%clk 00:02:01]} {[%emt 00:00:09]} Qe6 {[%clk 00:03:38]}
{[%emt 00:01:07]} 33. f4 {[%clk 00:01:25]} {[%emt 00:01:10]} Nd5 {[%clk
00:03:03]} {[%emt 00:01:04]} 34. Nxd5 {[%clk 00:00:54]} {[%emt 00:01:02]} Qxd5
{[%clk 00:02:28]} {[%emt 00:01:04]} 35. Qg4 {[%clk 00:30:30]} {[%emt 00:00:54]}
0-1

[Event "DEM U18w 2025"]
[Site "Willingen GER"]
[Date "2025.06.08"]
[Round "1"]
[White "Heidemann, Nora"]
[Black "Gyácsok, Dzvinka"]
[Result "1-0"]
[Termination "normal"]
[Board "10"]
[WhiteElo "1851"]
[BlackElo "1689"]
[WhiteClock "01:09:19"]
[BlackClock "00:22:12"]
[PlyCount "115"]
[WhiteFideId "34609253"]
[BlackFideId "16298292"]
[EventCountry "GER"]
[EventRounds "9"]
[EventType "swiss"]
[EventDate "2025.06.07"]

1. e4 {[%clk 01:30:58]} {[%emt 00:00:03]} e5 {[%clk 01:30:51]} {[%emt
00:00:08]} 2. Nf3 {[%clk 01:31:21]} {[%emt 00:00:06]} Nc6 {[%clk 01:31:03]}
{[%emt 00:00:19]} 3. Nc3 {[%clk 01:31:44]} {[%emt 00:00:07]} Nf6 {[%clk
01:30:49]} {[%emt 00:00:43]} 4. d4 {[%clk 01:32:07]} {[%emt 00:00:08]} exd4
{[%clk 01:26:10]} {[%emt 00:05:09]} 5. Nxd4 {[%clk 01:32:25]} {[%emt 00:00:12]}
Bc5 {[%clk 01:21:16]} {[%emt 00:05:24]} 6. Nxc6 {[%clk 01:32:44]} {[%emt
00:00:11]} dxc6 {[%clk 01:14:53]} {[%emt 00:06:54]} 7. Qxd8+ {[%clk 01:32:19]}
{[%emt 00:00:54]} Kxd8 {[%clk 01:14:29]} {[%emt 00:00:54]} 8. Bg5 {[%clk
01:31:00]} {[%emt 00:01:49]} Be7 {[%clk 01:09:58]} {[%emt 00:05:01]} 9. O-O-O+
{[%clk 01:30:01]} {[%emt 00:01:29]} Bd7 {[%clk 01:05:57]} {[%emt 00:04:32]} 10.
Be2 {[%clk 01:28:22]} {[%emt 00:02:07]} Ke8 {[%clk 00:56:29]} {[%emt 00:09:59]}
11. Rd2 {[%clk 01:21:21]} {[%emt 00:07:31]} h6 {[%clk 00:47:25]} {[%emt
00:09:34]} 12. Bf4 {[%clk 01:20:22]} {[%emt 00:01:29]} Bd8 {[%clk 00:44:09]}
{[%emt 00:03:47]} 13. Bc4 {[%clk 01:13:20]} {[%emt 00:07:31]} Be6 {[%clk
00:28:57]} {[%emt 00:15:42]} 14. Bxe6 {[%clk 01:12:43]} {[%emt 00:01:07]} fxe6
{[%clk 00:29:20]} {[%emt 00:00:07]} 15. Rhd1 {[%clk 01:12:33]} {[%emt
00:00:39]} Rf8 {[%clk 00:28:03]} {[%emt 00:01:47]} 16. e5 {[%clk 01:11:09]}
{[%emt 00:01:54]} Nd5 {[%clk 00:26:29]} {[%emt 00:02:05]} 17. Nxd5 {[%clk
01:08:56]} {[%emt 00:02:43]} cxd5 {[%clk 00:26:17]} {[%emt 00:00:42]} 18. Be3
{[%clk 01:08:52]} {[%emt 00:00:34]} c6 {[%clk 00:23:17]} {[%emt 00:03:31]} 19.
f4 {[%clk 01:08:30]} {[%emt 00:00:51]} Bb6 {[%clk 00:20:54]} {[%emt 00:02:52]}
20. Bxb6 {[%clk 01:03:34]} {[%emt 00:05:27]} axb6 {[%clk 00:21:17]} {[%emt
00:00:07]} 21. Rf2 {[%clk 01:01:35]} {[%emt 00:02:29]} Rxa2 {[%clk 00:20:41]}
{[%emt 00:01:06]} 22. Rd3 {[%clk 01:00:10]} {[%emt 00:01:54]} Ke7 {[%clk
00:18:25]} {[%emt 00:02:47]} 23. b3 {[%clk 00:58:39]} {[%emt 00:02:01]} Raa8
{[%clk 00:16:34]} {[%emt 00:02:21]} 24. Rg3 {[%clk 00:54:26]} {[%emt 00:04:42]}
Rf7 {[%clk 00:15:33]} {[%emt 00:01:31]} 25. Rg6 {[%clk 00:54:03]} {[%emt
00:00:53]} Raf8 {[%clk 00:13:27]} {[%emt 00:02:37]} 26. Kd1 {[%clk 00:49:36]}
{[%emt 00:04:57]} b5 {[%clk 00:10:29]} {[%emt 00:03:28]} 27. Rf3 {[%clk
00:46:56]} {[%emt 00:03:10]} b6 {[%clk 00:08:48]} {[%emt 00:02:11]} 28. b4
{[%clk 00:46:01]} {[%emt 00:01:25]} Rxf4 {[%clk 00:07:17]} {[%emt 00:02:01]}
29. Rxg7+ {[%clk 00:45:54]} {[%emt 00:00:37]} Kd8 {[%clk 00:06:39]} {[%emt
00:01:08]} 30. Ra3 {[%clk 00:45:58]} {[%emt 00:00:26]} Rf1+ {[%clk 00:06:21]}
{[%emt 00:00:47]} 31. Kd2 {[%clk 00:45:48]} {[%emt 00:00:41]} R1f7 {[%clk
00:06:17]} {[%emt 00:00:33]} 32. Rg6 {[%clk 00:45:24]} {[%emt 00:00:54]} Rf2+
{[%clk 00:05:40]} {[%emt 00:01:07]} 33. Ke3 {[%clk 00:44:39]} {[%emt 00:01:15]}
R2f5 {[%clk 00:05:22]} {[%emt 00:00:48]} 34. Rxe6 {[%clk 00:44:18]} {[%emt
00:00:52]} Kd7 {[%clk 00:04:26]} {[%emt 00:01:25]} 35. Rd6+ {[%clk 00:44:31]}
{[%emt 00:00:18]} Kc7 {[%clk 00:04:38]} {[%emt 00:00:18]} 36. Ra7+ {[%clk
00:44:35]} {[%emt 00:00:26]} Kb8 {[%clk 00:04:42]} {[%emt 00:00:26]} 37. Re7
{[%clk 00:44:58]} {[%emt 00:00:06]} Rf2 {[%clk 00:03:24]} {[%emt 00:01:48]} 38.
Rxc6 {[%clk 00:43:47]} {[%emt 00:01:42]} Rxg2 {[%clk 00:03:00]} {[%emt
00:00:54]} 39. Rxb6+ {[%clk 00:44:05]} {[%emt 00:00:12]} Kc8 {[%clk 00:02:20]}
{[%emt 00:01:09]} 40. Ra6 {[%clk 00:43:01]} {[%emt 00:01:34]} Kd8 {[%clk
00:02:24]} {[%emt 00:00:27]} 41. Rb7 {[%clk 00:42:27]} {[%emt 00:01:03]} Kc8
{[%clk 00:01:44]} {[%emt 00:01:11]} 42. Rxb5 {[%clk 00:41:28]} {[%emt
00:01:28]} Rff2 {[%clk 00:00:31]} {[%emt 00:01:44]} 43. Rxh6 {[%clk 00:40:36]}
{[%emt 00:01:22]} Re2+ {[%clk 00:29:54]} {[%emt 00:01:06]} 44. Kd4 {[%clk
01:10:45]} {[%emt 00:00:21]} Rd2+ {[%clk 00:28:40]} {[%emt 00:01:45]} 45. Kc5
{[%clk 01:11:01]} {[%emt 00:00:13]} Rxc2+ {[%clk 00:28:12]} {[%emt 00:00:58]}
46. Kd6 {[%clk 01:10:44]} {[%emt 00:00:48]} Rg8 {[%clk 00:26:58]} {[%emt
00:01:43]} 47. Rc5+ {[%clk 01:08:16]} {[%emt 00:02:58]} Rxc5 {[%clk 00:26:29]}
{[%emt 00:01:00]} 48. Kxc5 {[%clk 01:08:41]} {[%emt 00:00:05]} Rg4 {[%clk
00:26:00]} {[%emt 00:00:59]} 49. b5 {[%clk 01:08:30]} {[%emt 00:00:41]} d4
{[%clk 00:26:04]} {[%emt 00:00:26]} 50. Kc4 {[%clk 01:08:54]} {[%emt 00:00:05]}
Re4 {[%clk 00:26:09]} {[%emt 00:00:24]} 51. e6 {[%clk 01:08:34]} {[%emt
00:00:51]} Kd8 {[%clk 00:24:41]} {[%emt 00:01:58]} 52. Kd5 {[%clk 01:08:07]}
{[%emt 00:00:58]} Rf4 {[%clk 00:22:53]} {[%emt 00:02:17]} 53. Kd6 {[%clk
01:07:49]} {[%emt 00:00:48]} Kc8 {[%clk 00:22:52]} {[%emt 00:00:31]} 54. e7
{[%clk 01:08:07]} {[%emt 00:00:13]} Re4 {[%clk 00:22:31]} {[%emt 00:00:51]} 55.
Kc6 {[%clk 01:08:08]} {[%emt 00:00:28]} Kb8 {[%clk 00:21:46]} {[%emt 00:01:15]}
56. Rh8+ {[%clk 01:08:30]} {[%emt 00:00:08]} Ka7 {[%clk 00:22:02]} {[%emt
00:00:14]} 57. b6+ {[%clk 01:08:54]} {[%emt 00:00:06]} Ka6 {[%clk 00:22:12]}
{[%emt 00:00:21]} 58. Ra8# {[%clk 01:09:19]} {[%emt 00:00:04]} 1-0

[Event "DEM U18w 2025"]
[Site "Willingen GER"]
[Date "2025.06.08"]
[Round "1"]
[White "Busch, Lara Sophie"]
[Black "Reich, Elisabeth"]
[Result "0-1"]
[Termination "normal"]
[Board "11"]
[WhiteElo "1597"]
[BlackElo "1830"]
[WhiteClock "00:05:25"]
[BlackClock "00:07:10"]
[PlyCount "64"]
[WhiteFideId "34664866"]
[BlackFideId "16239776"]
[EventCountry "GER"]
[EventRounds "9"]
[EventType "swiss"]
[EventDate "2025.06.07"]

1. e4 {[%clk 01:30:57]} {[%emt 00:00:03]} c5 {[%clk 01:30:56]} {[%emt
00:00:04]} 2. Nc3 {[%clk 01:31:18]} {[%emt 00:00:09]} e6 {[%clk 01:31:22]}
{[%emt 00:00:04]} 3. Nge2 {[%clk 01:31:23]} {[%emt 00:00:26]} Nc6 {[%clk
01:31:37]} {[%emt 00:00:14]} 4. g3 {[%clk 01:31:28]} {[%emt 00:00:25]} d5
{[%clk 01:31:33]} {[%emt 00:00:34]} 5. exd5 exd5 {[%clk 01:32:02]} 6. d4 {[%clk
01:31:50]} {[%emt 00:00:18]} cxd4 {[%clk 01:31:59]} {[%emt 00:00:33]} 7. Nxd4
{[%clk 01:32:06]} {[%emt 00:00:14]} Bc5 {[%clk 01:30:44]} {[%emt 00:01:43]} 8.
Be3 {[%clk 01:27:32]} {[%emt 00:05:06]} Bb4 {[%clk 01:15:03]} {[%emt 00:16:10]}
9. Qd2 {[%clk 01:16:52]} {[%emt 00:11:11]} Nf6 {[%clk 01:09:23]} {[%emt
00:06:09]} 10. Bg2 {[%clk 01:03:37]} {[%emt 00:13:46]} O-O {[%clk 01:06:56]}
{[%emt 00:02:57]} 11. O-O {[%clk 00:55:08]} {[%emt 00:08:59]} Ne5 {[%clk
01:01:07]} {[%emt 00:06:18]} 12. Nde2 {[%clk 00:46:49]} {[%emt 00:08:50]} Bh3
{[%clk 00:54:45]} {[%emt 00:06:52]} 13. Qd4 {[%clk 00:45:07]} {[%emt 00:02:06]}
Bxg2 {[%clk 00:46:20]} {[%emt 00:09:01]} 14. Kxg2 {[%clk 00:45:28]} Nc6 {[%clk
00:46:43]} {[%emt 00:00:15]} 15. Qd3 {[%clk 00:42:44]} Bxc3 {[%clk 00:39:15]}
{[%emt 00:11:13]} 16. Qxc3 {[%clk 00:40:25]} Rc8 {[%clk 00:37:11]} {[%emt
00:05:21]} 17. Rfd1 {[%clk 00:28:18]} b6 {[%clk 00:26:15]} {[%emt 00:24:05]}
18. Qd2 {[%clk 00:22:37]} Qd7 {[%clk 00:21:44]} {[%emt 00:11:11]} 19. a3 {[%clk
00:17:41]} Rfd8 {[%clk 00:17:42]} {[%emt 00:09:58]} 20. f3 {[%clk 00:14:10]}
Ne5 {[%clk 00:14:22]} {[%emt 00:07:52]} 21. b3 {[%clk 00:13:38]} Ng6 {[%clk
00:13:49]} {[%emt 00:02:03]} 22. Bg5 {[%clk 00:11:53]} Qd6 {[%clk 00:08:52]}
{[%emt 00:07:43]} 23. b4 {[%clk 00:07:55]} h6 {[%clk 00:08:43]} {[%emt
00:05:07]} 24. Be3 {[%clk 00:07:03]} Ne5 {[%clk 00:06:44]} {[%emt 00:03:51]}
25. Bf4 {[%clk 00:06:49]} Qe7 {[%clk 00:07:10]} {[%emt 00:00:49]} 26. Bxe5
{[%clk 00:05:25]} Qxe5 {[%clk 00:07:39]} 27. Nf4 {[%clk 00:05:25]} Qe7 {[%clk
00:07:39]} 28. Ne2 {[%clk 00:05:25]} Qe5 {[%clk 00:07:39]} 29. Nf4 {[%clk
00:05:25]} Qc3 {[%clk 00:07:10]} 30. Qxc3 {[%clk 00:05:25]} Rxc3 {[%clk
00:07:10]} 31. Ra2 {[%clk 00:05:25]} Rdc8 {[%clk 00:07:10]} 32. Kf2 {[%clk
00:05:25]} Rxc2+ {[%clk 00:07:10]} 0-1